MDQL
is popping MORE tags! Check the
thread
!
Quizzes
Events
Quiz Creation
Community
Videos
Private Events
Remove Ads
Sign In
Join for FREE
Feedback
Dark Mode
Quiz Categories
Sports
Geography
Music
Movies
Television
Just For Fun
Miscellaneous
History
Literature
Language
Science
Gaming
Entertainment
Religion
Holiday
For Kids
Quiz Lab
Recent
Popular Today
Quiz Kudos Today
Editor Picks
Curator Picks
Quizzes by...
Day
Popularity
Type
Ratings
Length
Year
Community
Subscriptions
Recent Discussions
Orange Saloon
Badges
Playlists
Quests
Create
Leaderboards
Showdown
Live 5
Trivia Bingo
Activity
Puzzle Library
Sporcle Events
Private Events
Virtual Trivia
Globe League
Become a Host
Pub Owners
SporcleCon
Opinionation
Our Games
Videos
Blog
Mobile Apps
Partnerships
Remove Ads and Go Orange
Feedback
Television
TV Characters
TV Show
Sitcom
Network
Friends
Reality Shows
Cast
South Park
Star Trek
The Simpsons
Doctor Who
Television
TV Characters
TV Show
Sitcom
Network
Friends
Reality Shows
Cast
South Park
Star Trek
The Simpsons
Doctor Who
Random Quiz
Search Sporcle
×
Quiz Lab
Quiz Lab
Television
Show
Type in answers that appear in a list
Type in answers that appear in a list
Classic
Best Score? Go Orange.
The Wonder Years Episodes! Stats
Can you name the The Wonder Years' Episodes?
By
bop22
12m
115 Questions
573 Plays
573 Plays
573 Plays
Comments
Comments
Give Quiz Kudos
Give Quiz Kudos
-
- Ratings
hide this ad
Replay
Link that replays current quiz
Next Quiz
Link to next quiz in quiz playlist
You Got
0%
They Got
Avg Score
75%
Avg Friend Score
Upgrade to see
Score Distribution
Jump to the score distribution portion of the page
Score
0/115
Timer
12:00
0
Plays Today
Season # - Episode #
Episode Title
% Correct
1-
1
Pilot
96.2%
6-
22
Independence Day
87.4%
1-
5
The Phone Call
87.1%
6-
21
Summer
86.7%
5-
23
Back to the Lake
85.9%
4-
9
A Very Cutlip Christmas
85.7%
5-
1
The Lake
85.7%
1-
3
My Father's Office
85.2%
2-
15
Square Dance
85.2%
1-
2
Swingers
85%
2-
3
Christmas
84.3%
1-
6
Dance With Me
83.2%
3-
2
Math Class
83.1%
6-
1
Homecoming
83.1%
2-
2
Our Miss White
82.9%
3-
9
Math Class Squared
82.9%
6-
3
Scenes From A Wedding
82.9%
2-
15
The Tree House
82.5%
3-
20
Goodbye
82.5%
5-
22
The Wedding
81.7%
5-
12
Grandpa's Car
81.3%
1-
4
Angel
81.2%
3-
3
Wayne on Wheels
81%
2-
1
The Heart of Darkness
80.6%
3-
7
The Family Car
80.5%
4-
20
The Accident
80.3%
3-
12
The Powers That Be
80.1%
5-
7
Soccer
79.8%
4-
2
Ninth Grade Man
78.9%
3-
11
Don't You Know Anything About Women?
78.7%
3-
1
Summer Song
78.4%
4-
23
The Wonder Years
78.2%
3-
14
The St. Valentine's Day Massacre
78%
4-
13
Who's Aunt Rose?
78%
5-
9
Christmas Party
78%
6-
2
Fishing
77.7%
2-
13
Birthday Boy
77.1%
5-
15
Of Mastodons and Men
77.1%
5-
24
Broken Hearts and Burgers
77.1%
Season # - Episode #
Episode Title
% Correct
2-
9
Loosiers
77%
2-
5
Just Between Me and You and Kirk and Paul and Carla and Becky
76.4%
6-
8
Kevin Delivers
76.4%
6-
11
New Years
76.4%
6-
19
The Little Women
76.4%
2-
10
Walk Out
76.3%
5-
14
Private Butthead
76.3%
6-
18
Poker
76.3%
3-
17
Night Out
76.1%
4-
15
Buster
76.1%
2-
7
Coda
75.9%
2-
16
Whose Woods Are These?
75.9%
3-
6
Odd Man Out
75.9%
2-
14
Brightwing
75.6%
3-
22
Daddy's Little Girl
75.6%
3-
18
Faith
75.4%
4-
22
Graduation
75.4%
5-
4
Frank and Denise
75.4%
2-
6
Pottery Will Get You Nowhere
74.9%
2-
8
Hiroshima, Mon Frere
74.9%
4-
6
Little Debbie
74.9%
6-
20
Reunion
74.9%
4-
8
The Sixth Man
74.3%
5-
10
Pfeiffer's Choice
74%
3-
23
Moving
73.8%
5-
8
Dinner Out
73.5%
4-
16
Road Trip
73.3%
5-
21
Stormy Weather
73.3%
2-
11
Nemesis
73.1%
2-
12
Fate
73.1%
4-
21
The House That Jack Built
73.1%
4-
11
Heartbreak
72.8%
2-
17
How I'm Spending My Summer Vacation
72.6%
3-
19
The Unnatural
72.6%
4-
1
Growing Up
72.6%
3-
16
The Glee Club
72.4%
4-
19
The Yearbook
72.4%
5-
11
Road Test
72.3%
2-
4
Steady As She Goes
72.1%
Season # - Episode #
Episode Title
% Correct
3-
4
Mom Wars
72.1%
5-
3
The Hardware Store
71.9%
5-
20
The Lost Weekend
71.7%
6-
9
The Test
71.7%
5-
19
Carnal Knowledge
71.4%
3-
21
Cocoa and Sympathy
71.2%
6-
15
Hulk Arnold
71.2%
4-
12
Denial
71%
5-
2
Day One
70.9%
5-
13
Kodachrome
70.9%
3-
13
She, My Friend and I
70.5%
6-
16
Nose
70.5%
6-
12
Alice in Autoland
70%
3-
5
On the Spot
69.6%
3-
8
The Pimple
69.5%
5-
18
Lunch Stories
69.3%
6-
17
Eclipse
68.9%
3-
10
Rock n' Roll
68.6%
5-
16
Double Double Date
68.4%
5-
17
Hero
67.5%
6-
5
Politics As Usual
67.5%
6-
14
Unpacking
67.5%
4-
5
It's A Mad, Mad, Madeline World
67.4%
4-
14
Courage
67.4%
4-
17
When Worlds Collide
67%
6-
7
Wayne and Bonnie
67%
4-
18
Separate Rooms
66.7%
4-
3
Journey
66.1%
6-
4
Sex and Economics
66%
4-
7
The Ties That Bind
65.1%
4-
10
The Candidate
65.1%
5-
5
Full Moon Rising
64.7%
6-
10
Let Nothing You Dismay
64.7%
6-
6
White Lies
64.6%
5-
6
Triangle
64.2%
6-
13
Ladies and Gentelmen...The Rolling Stones
62.3%
4-
4
The Cost of Living
60.6%
Quiz Playlist
Details
Report
Send in Message
Add To Playlist
Classic:
Type in answers that appear in a list
Last Updated: Mar 11, 2017
Quiz Scoreboard
CHALLENGE
Sign Up to Join the Scoreboard
Show All
Scores
Hide
Comments
May contain spoilers
Recently Published
Image Sorting: Flags VI
by Barbecue
Geography
2m
Find the 'City' Movie
by crazypaving
Movies
60s
5x2 Blitz: Bands
by SL_Kpop136
Music
30s
More to Explore
Quiz From the Vault
Featured Blog Post
14 Easter Pick-up Lines to Find Eggs With
hide this ad
You Might Also Like...
Tags
Show Quiz
episode
season
Wonder
Today's Top Quizzes in Television
Browse Television
hide this ad
Today's Top Quizzes in Show
Browse Show
Top Contributed Quizzes in Television
1
Survivor Journey Challenge
2
Brooklyn Nine Nine Logic Puzzle (How-To-Play)
3
Total Drama Characters
4
Phoebe Buffay Quotes
5
Survivor Heroes vs. Villains Logic Puzzle
6
Adjectives in 00s TV Shows
7
Survivor Trivia
8
Game of Thrones: Tywin Lannister Start to Finish
9
Emmerdale Characters (from August 2012)
10
Survivor Logic Puzzle: Heroes vs. Villains
Explore More
Trending Topics
Anime
Crossword
Harry Potter
Disney
NBA
Marvel
Kpop
Pokémon
WWE
Puzzle
Song
Country
Soccer
NFL
The Office
hide this ad
More By:
bop22
Quiz
Plays
Rating
Category
Featured
Created
SNL Hosts : 2000-2009
2,498
4.00
Television
Oct 22, 2009
Top 35 Box Office Romantic Comedies
1,990
4.31
Movies
Oct 21, 2009
EW's 50 Best High School Movies By Quote
777
3.20
Movies
Feb 22, 2010
The Wonder Years Episodes!
573
4.20
Television
Oct 21, 2009
ROTTEN TOMATOES: 25 BEST ROM-COMS
555
5.00
Movies
Feb 18, 2010
Go to Creator's Profile
Score Distribution
Quiz Creator Spotlight
bop22
Follow
Send a Message
Quizzes Created
-
Created Quiz Play Count
-
More By This Creator
Popular Quizzes Today
1
Colored Red Africa Blitz
2
Find the US States - No Outlines Minefield
3
Find the 'City' Movie
4
5x2 Blitz: Bands
5
The Countries of the World
6
Find the US States
7
Find the Countries of Europe - No Outlines Minefield
8
US States
More Television Quizzes
Animated Locations II
Curator's Pick
Trending Quizzes
Colored Red Europe Blitz I
Colored Red Europe Blitz II
Colored Red Africa Blitz II
Colored Red Europe Blitz III
Colored Red Africa Blitz III
Recently Updated
How Do You Spell That?
pecheneg
Godzilla Movies
pecheneg
Grab Bag: 4-10 Letters
pecheneg
2024 March Madness Bracket
pecheneg
Famous TV Couples
Peacemaker
Champions League XIs: Real Madrid
pecheneg
Largest US Cities 1790-2010
pecheneg
Rides in Walt Disney World
pecheneg
Most Oscar Losses (Acting)
pecheneg
Beyoncé Albums
pecheneg
Trending Topics
Disney
Crossword
Marvel
Kpop
Anime
Harry Potter
NBA
Song
Country
NFL
The Office
Puzzle
Pokémon
Soccer
WWE
Your Account Isn't Verified!
In order to create a playlist on Sporcle, you need to verify the email address you used during registration. Go to your
Sporcle Settings
to finish the process.
Report this User
Report this user for behavior that violates our
Community Guidelines
.
Details:
Send Report
Go to the Sporcle.com Mobile Site →
Comments